Human Rights In Contemporary International Law (Record no. 3435)
[ view plain ]
| 000 -LEADER | |
|---|---|
| fixed length control field | 00570nam a2200193Ia 4500 |
| 003 - CONTROL NUMBER IDENTIFIER | |
| control field | BUBTL |
| 008 - FIXED-LENGTH DATA ELEMENTS--GENERAL INFORMATION | |
| fixed length control field | 151213s9999 xx 000 0 und d |
| 082 ## - DEWEY DECIMAL CLASSIFICATION NUMBER | |
| Classification number | 341.481 PAH |
| 100 ## - MAIN ENTRY--PERSONAL NAME | |
| Personal name | Patwari, A.B.M. Mafizul Islam |
| 9 (RLIN) | 2061 |
| 245 ## - TITLE STATEMENT | |
| Title | Human Rights In Contemporary International Law |
| Statement of responsibility, etc. | A.B.M. Mafizul Islam Patwari |
| 250 ## - EDITION STATEMENT | |
| Edition statement | 1st ed. |
| 260 ## - PUBLICATION, DISTRIBUTION, ETC. (IMPRINT) | |
| Name of publisher, distributor, etc. | Humaist and Ethical Association of Bangladesh |
| Date of publication, distribution, etc. | c1995. |
| Place of publication, distribution, etc. | Dhaka |
| 300 ## - PHYSICAL DESCRIPTION | |
| Extent | 324 p. : |
| Dimensions | 22 cm. |
| 650 ## - SUBJECT ADDED ENTRY--TOPICAL TERM | |
| Topical term or geographic name as entry element | Law |
| 650 ## - SUBJECT ADDED ENTRY--TOPICAL TERM | |
| Topical term or geographic name as entry element | Law |
| 856 ## - ELECTRONIC LOCATION AND ACCESS | |
| Password | 0 |
| Logon | 0 |
| Link text | Download |
| 942 ## - ADDED ENTRY ELEMENTS (KOHA) | |
| Source of classification or shelving scheme | |
| Koha item type | Books |
| Withdrawn status | Lost status | Source of classification or shelving scheme | Damaged status | Not for loan | Collection code | Permanent location | Current location | Shelving location | Date acquired | Inventory number | Total Checkouts | Full call number | Barcode | Date last seen | Copy number | Price effective from | Koha item type |
|---|---|---|---|---|---|---|---|---|---|---|---|---|---|---|---|---|---|
| Non-fiction | Bangladesh University of Business and Technology Library | Bangladesh University of Business and Technology Library | Law Stacks | 09/05/2008 | 5960 | 341.481 PAH | BUBTL-20035960 | 10/20/2018 | C-1 | 10/20/2018 | Books | ||||||
| Non-fiction | Bangladesh University of Business and Technology Library | Bangladesh University of Business and Technology Library | Law Stacks | 09/05/2008 | 5961 | 341.481 PAH | BUBTL-20035961 | 10/20/2018 | C-2 | 10/20/2018 | Books | ||||||
| Non-fiction | Bangladesh University of Business and Technology Library | Bangladesh University of Business and Technology Library | Law Stacks | 09/05/2008 | 5962 | 341.481 PAH | BUBTL-20035962 | 10/20/2018 | C-3 | 10/20/2018 | Books | ||||||
| Not For Loan | Non-fiction | Bangladesh University of Business and Technology Library | Bangladesh University of Business and Technology Library | Law Stacks | 09/05/2008 | 5963 | 341.481 PAH | BUBTL-20035963 | 10/20/2018 | C-4 | 10/20/2018 | Books | |||||
| Not For Loan | Non-fiction | Bangladesh University of Business and Technology Library | Bangladesh University of Business and Technology Library | Law Stacks | 09/05/2008 | 5964 | 341.481 PAH | BUBTL-20035964 | 10/20/2018 | C-5 | 10/20/2018 | Books |
